| 000 | 01241nam0a2200337 4500 | ||
|---|---|---|---|
| 001 | RU\NLR\BIBL_A\011387937 | ||
| 005 | 20170607163149.0 | ||
| 010 |
_a978-5-9268-2416-9 _97000 |
||
| 021 |
_aRU _b2017-29428 _92163 |
||
| 035 | _a(NLR Aleph) 011387937 | ||
| 035 | _a(RuMoRGB)008864475 | ||
| 090 |
_a11438466 _c11438466 |
||
| 100 | _a20170519d2017 km y0rusy50 ca | ||
| 101 | 0 | _arus | |
| 102 | _aRU | ||
| 105 | _aa|||z|||000ay | ||
| 200 | 1 |
_aЕсть такие мальчики _e[для детей дошкольного возраста] _fАгния Барто _gрисунки В. Лосина [и др.] |
|
| 210 |
_aСанкт-Петербург _aМосква _cРечь _d2017 |
||
| 215 |
_a13, [226 ] с. _cцв. ил. _d26 |
||
| 225 | 1 | _aЛюбимая папина книжка | |
| 333 | _a0+ | ||
| 686 |
_aШ9(2)6=Р70-5 _2rubbk |
||
| 686 | 0 | _aШ9(2)60=Р7-5 | |
| 700 | 1 |
_aБарто _bА. Л. _f1906-1981 _gАгния Львовна _3RU\NLR\auth\771526 _4070 |
|
| 702 | 1 |
_aЛосин _bВ. Н. _f1931-2012 _gВениамин Николаевич _3RU\NLR\AUTH\770147281 _4440 |
|
| 942 | _cBOOK | ||
| 980 | _aNBR | ||
| 980 | _aNB | ||